Философия права / (Record no. 528781)
[ view plain ]
| 000 -LEADER | |
|---|---|
| fixed length control field | 01532nam a2200301 u 4500 |
| 001 - CONTROL NUMBER | |
| control field | 209990 |
| 003 - CONTROL NUMBER IDENTIFIER | |
| control field | AM-YEHGA |
| 005 - DATE AND TIME OF LATEST TRANSACTION | |
| control field | 20250618080126.0 |
| 008 - FIXED-LENGTH DATA ELEMENTS--GENERAL INFORMATION | |
| fixed length control field | 030710s1990 ru |||||||||||||||0|rus|d |
| 020 ## - INTERNATIONAL STANDARD BOOK NUMBER | |
| International Standard Book Number | 5244003844 |
| 040 ## - CATALOGING SOURCE | |
| Original cataloging agency | AM-YeHGA |
| 041 1# - LANGUAGE CODE | |
| Language code of text/sound track or separate title | rus |
| Language code of original | ger |
| 090 ## - LOCALLY ASSIGNED LC-TYPE CALL NUMBER (OCLC); LOCAL CALL NUMBER (RLIN) | |
| -- | 567074 |
| 100 1# - MAIN ENTRY--PERSONAL NAME | |
| Personal name | Гегель, Георг Вильгельм Фридрих, |
| Dates associated with a name | 1770-1831 |
| 245 10 - TITLE STATEMENT | |
| Title | Философия права / |
| Statement of responsibility, etc. | Георг Вильгельм Фридрих Гегель ; [Авт. вступ. ст., примеч. В.С. Нерсесянц ; Пер. с нем. Б.Г. Столпнера, М.И. Левиной] ; АН СССР. Ин-т философии. |
| 260 ## - PUBLICATION, DISTRIBUTION, ETC. | |
| Place of publication, distribution, etc. | Москва : |
| Name of publisher, distributor, etc. | Мысль, |
| Date of publication, distribution, etc. | 1990. |
| 300 ## - PHYSICAL DESCRIPTION | |
| Extent | 528 с. ; |
| Dimensions | 22 см. |
| 440 #0 - SERIES STATEMENT/ADDED ENTRY--TITLE | |
| Title | Философское наследие ; |
| Volume/sequential designation | Т. 113 |
| 504 ## - BIBLIOGRAPHY, ETC. NOTE | |
| Bibliography, etc. note | Библиогр. в подстроч. примеч. и в конце кн. : с. 484-499 |
| 650 14 - SUBJECT ADDED ENTRY--TOPICAL TERM | |
| Topical term or geographic name entry element | Философия |
| General subdivision | История |
| Geographic subdivision | Германия |
| 650 14 - SUBJECT ADDED ENTRY--TOPICAL TERM | |
| Topical term or geographic name entry element | Государство и право |
| General subdivision | Философские проблемы |
| 650 14 - SUBJECT ADDED ENTRY--TOPICAL TERM | |
| Topical term or geographic name entry element | Классическая немецкая идеалистическая философия |
| 700 1# - ADDED ENTRY--PERSONAL NAME | |
| Personal name | Ներսեսյանց, Վլադիկ Սմբատի, |
| Dates associated with a name | 1938-2005 |
| Relator term | авт. предисл. |
| Relationship | aui |
| 9 (RLIN) | 1546 |
| 700 1# - ADDED ENTRY--PERSONAL NAME | |
| Personal name | Столпнер, Борис Григорьевич |
| Relator term | пер. |
| Relationship | trl |
| 700 1# - ADDED ENTRY--PERSONAL NAME | |
| Personal name | Левина, М.И. |
| Relator term | пер. |
| Relationship | trl |
| 710 2# - ADDED ENTRY--CORPORATE NAME | |
| Corporate name or jurisdiction name as entry element | Институт философии АН СССР |
| 942 ## - ADDED ENTRY ELEMENTS (KOHA) | |
| Source of classification or shelving scheme | Universal Decimal Classification |
| Koha item type | Գրքեր / Books |
| Withdrawn status | Lost status | Source of classification or shelving scheme | Damaged status | Not for loan | Collection | Home library | Current library | Date acquired | Total checkouts | Full call number | Barcode | Date last seen | Price effective from | Koha item type | Public note |
|---|---|---|---|---|---|---|---|---|---|---|---|---|---|---|---|
| Universal Decimal Classification | General | Fundamental Scientific Library | Fundamental Scientific Library | 17/10/2023 | РII/661370 | FL0672862 | 17/10/2023 | 17/10/2023 | Գրքեր / Books | 30 Days Loan | |||||
| Universal Decimal Classification | General | Fundamental Scientific Library | Fundamental Scientific Library | 22/12/2016 | PII/627885 | 120627885 | 08/12/2023 | 22/12/2016 | Գրքեր / Books | 30 Days Loan | |||||
| Universal Decimal Classification | General | Fundamental Scientific Library | Fundamental Scientific Library | 22/12/2016 | PII/630820 | 120630820 | 08/12/2023 | 22/12/2016 | Գրքեր / Books | 30 Days Loan |
ՀՀ Գիտությունների ազգային ակադեմիայի հիմնարար գիտական գրադարան = Fundamental Scientific Library of NAS RA
All site content, except where otherwise noted, is licensed under a